• 首页
  • 本馆介绍
  • 公告通知
  • 最新文献
  • 馆藏检索
  • 电子资源
  • 读者导购
  • 参考咨询
  • 我的图书馆
  • 登录
  • 详细信息显示
  • 放入我的书架
  • 预约/预借图书
  • 作者相关作品
  • 分类相关作品
  • 丛书相关作品
  • 出版社相关作品

书目信息

  • 表格格式
  • 工作单格式
  • 卡片格式
题名:
英语
    
 
作者: ;北京人民广播电台 编
分册: 上册  
出版信息: 北京   北京出版社  1978
页数: 132页
开本: 19cm
丛书名:
单 册:
中图分类: H319 , H31
科图分类:
主题词: 英语
电子资源:
ISBN:
000 00629nam0 2200229 45
001 0405081697
005 20060816090722.28
010    @dCNY0.27
091    @aK7071.212
100    @a20040508d1978 km y0chiy0120 ea
101 0  @achi
200 1  @a英语@AYing Yu@e初级班@EChu Ji Ban@h上册@f北京人民广播电台编@FBei Jing Ren Min Guang Bo Dian Tai Bian
210    @a北京@c北京出版社@d1978
215    @a132页@d19cm
300    @a北京市业余外语广播讲座
517    @a初级班@AChu Ji Ban
606 0  @a英语
690    @aH319@v4
690    @aH31@v3
711 02 @a北京人民广播电台@4编
801    @aCN@bPftUser@c20060816
905    @dH31@e57:1
    
    英语:初级班.上册/北京人民广播电台编.-北京:北京出版社,1978
    132页;19cm
    北京市业余外语广播讲座
    
    ISBN :CNY0.27
    
●
相关链接 在E读中查询图书 在五车中查询图书 在当当中查询图书 在豆瓣中查询图书


正题名:英语     索取号:H31/57:1         预约/预借

序号 登录号 条形码 馆藏地/架位号 状态 备注
1 0001364   202322147   密集书库/ [索取号:H31/57:1] 在馆    
2 0010571   202322067   密集书库/ [索取号:H31/57:1] 在馆    
3 0010572   202322076   密集书库/ [索取号:H31/57:1] 在馆    
唐山师范学院图书馆 欢迎您!
大连网信软件有限公司© 版权所有